000 01284nam a22003377a 4500
005 20240530110412.0
008 150219s2009 ua cbfja 001 0 ara d
017 _a20684/2007
_bمصر . دار الكتب المصرية
020 _a9771441388
040 _aEG-CaGPL
041 0 _aara
082 0 4 _221
_a332.4
_bط/ب س
100 1 _aبيللى ، جيري
_qجيري بيللى
245 1 0 _aتاريخ النقود /
_cتاليف جيرى بيللى ، فيليشيا لو ؛ ترجمة ماهى عاطف ؛ اشراف داليا محمد ابراهيم
250 _aط1
260 _aالقاهرة :
_bنهضة مصر للطباعة والنشر والتوزيع ،
_c2009
300 _a44 ص :
_bايض ؛
_c32 سم
490 0 _aسلسلة اموالى
650 0 4 _aالنقود
_xتاريخ
650 0 4 _aالعملات
650 0 4 _aالعملات الذهبية
650 0 4 _aسك النقود
650 0 4 _aالشيكات
650 0 4 _aالاوراق المالية
650 0 4 _aالائتمان المصرفى
700 1 _aلو ، فيليشيا
_eمؤلف مشارك
700 1 _aماهى عاطف
_eمترجم
700 1 _aداليا محمد ابراهيم
_eمشرف
942 _2ddc
_cBK
999 _c60483
_d60483